000 01271nam a2200361 a 4500
001 59985
003 BD-RjUL
005 20211209080807.0
008 161228s1994 enka b 001 0 eng c
020 _a0415092604 (hbk)
020 _a0415092612 (pbk)
035 _a(BD-RjUL)60109
040 _aDNLM/DLC
_cDLC
_dBD-RjUL
_beng
041 _aeng
060 0 0 _aWM 11.1 W283r 1994
082 0 0 _a362.26
_223
_bWAR 1994
100 1 _aWarner, Richard,
_d1943-
_9178435
245 1 0 _aRecovery from schizophrenia :
_bpsychiatry and political economy /
_cRichard Warner.
250 _a2nd ed.
260 _aLondon ;
_aNew York :
_bRoutledge,
_c1994.
300 _axii, 366 p. :
_bill. ;
_c24 cm.
504 _aIncludes bibliographical references (p. [290]-345) and indexes.
650 0 _aSchizophrenia
_xTreatment
_xPolitical aspects.
_9178436
650 0 _aSchizophrenia
_xTreatment
_xEconomic aspects.
_9178437
650 0 _aSchizophrenia
_xTreatment.
_9178438
650 2 _aDeinstitutionalization
_xhistory.
_9178439
650 2 _aPsychotropic Drugs
_xtherapeutic use.
_9178440
650 2 _aSchizophrenia
_xdrug therapy.
_9178441
650 2 _aSchizophrenia
_xhistory.
_9178442
650 2 _aSocioeconomic Factors.
_9178443
942 _2ddc
_cBK
999 _c59985
_d59985